|
|
|
|
| LEADER |
00000nas a2200000 i 4500 |
| 001 |
ssj0001466436 |
| 003 |
WaSeSS |
| 005 |
20200512172242.0 |
| 006 |
m d |
| 007 |
cr n |
| 008 |
131113c20149999enkqr p s 0 a0eng |
| 010 |
|
|
|a 2013274055
|
| 016 |
7 |
|
|a 101655541
|2 DNLM
|
| 022 |
|
|
|a 2332-0885
|
| 035 |
|
|
|a (WaSeSS)ssj0001466436
|
| 037 |
|
|
|b Customer Services, Informa UK Ltd., Sheepen Place, Colchester, Essex CO3 3LP, UK
|
| 040 |
|
|
|a DLC
|b eng
|e pn
|c DLC
|d NLM
|d OCLCO
|d DLC
|d OTZ
|d OCLCO
|d OCLCF
|d OCLCO
|d OCLCQ
|d OCLCO
|d OCLCQ
|d OCLCO
|d CUS
|d CASUM
|d OCLCA
|d VT2
|d WaSeSS
|
| 042 |
|
|
|a pcc
|a nsdp
|
| 050 |
1 |
4 |
|a RD559
|
| 060 |
0 |
0 |
|a W1
|
| 082 |
0 |
0 |
|a 617.9
|2 23
|
| 210 |
0 |
|
|a Case rep. plast. surg. hand surg.
|
| 222 |
|
0 |
|a Case reports in plastic surgery & hand surgery
|
| 245 |
0 |
0 |
|a Case reports in plastic surgery & hand surgery
|h [electronic resource].
|
| 246 |
1 |
|
|a Case reports in plastic surgery and hand surgery
|
| 260 |
|
|
|a [Colchester, UK] :
|b Informa Healthcare,
|c 2014-
|
| 310 |
|
|
|a Four issues per year
|
| 362 |
1 |
|
|a Began with vol. 1, No. 1 (December 2014).
|
| 506 |
|
|
|a License restrictions may limit access.
|
| 515 |
|
|
|a Volume 1 complete in one issue.
|
| 588 |
|
|
|a Description based on: Vol. 1, No. 1 (December 2014); title from PDF caption (publisher's Web site, viewed Apr. 14, 2015).
|
| 588 |
|
|
|a Latest issue consulted: Vol. 2, No. 2 (June 2015) (viewed July 20, 2015).
|
| 650 |
|
0 |
|a Hand
|x Surgery
|v Periodicals.
|
| 650 |
|
0 |
|a Surgery, Plastic
|v Periodicals.
|
| 650 |
1 |
2 |
|a Hand
|x surgery.
|
| 650 |
1 |
2 |
|a Surgery, Plastic.
|
| 650 |
|
7 |
|a Hand
|x Surgery.
|2 fast
|0 (OCoLC)fst00950854
|
| 650 |
|
7 |
|a Surgery, Plastic.
|2 fast
|0 (OCoLC)fst01139417
|
| 655 |
|
0 |
|a Electronic journals.
|
| 710 |
2 |
|
|a Acta Chirurgica Scandinavica Society.
|
| 787 |
0 |
|
|t Journal of plastic surgery and hand surgery
|x 2000-656X
|w (DLC) 2010243494
|w (OCoLC)613210198
|
| 856 |
4 |
0 |
|z Full text available from Research Library: 12/01/2014 to 12/31/2017
|u https://search.proquest.com/publication/3933223
|
| 856 |
4 |
0 |
|z Full text available from Research Library: 01/01/2019 to present
|u https://search.proquest.com/publication/3933223
|